Taalismaati wadian / (Record no. 331144)
[ view plain ]
| 000 -LEADER | |
|---|---|
| fixed length control field | 01022cam a2200289 a 4500 |
| 001 - CONTROL NUMBER | |
| control field | 14361914 |
| 003 - CONTROL NUMBER IDENTIFIER | |
| control field | NUST |
| 005 - DATE AND TIME OF LATEST TRANSACTION | |
| control field | 20170919155906.0 |
| 008 - FIXED-LENGTH DATA ELEMENTS--GENERAL INFORMATION | |
| fixed length control field | 060503s2005 pk 000 0durdo |
| 010 ## - LIBRARY OF CONGRESS CONTROL NUMBER | |
| LC control number | 2006334448 |
| 020 ## - INTERNATIONAL STANDARD BOOK NUMBER | |
| International Standard Book Number | 9693520785 |
| 025 ## - OVERSEAS ACQUISITION NUMBER | |
| Overseas acquisition number | P-U-2006334448; 17 |
| 040 ## - CATALOGING SOURCE | |
| Original cataloging agency | DLC |
| Transcribing agency | DLC |
| Modifying agency | DLC |
| 042 ## - AUTHENTICATION CODE | |
| Authentication code | lcode |
| 043 ## - GEOGRAPHIC AREA CODE | |
| Geographic area code | a-pk--- |
| 050 00 - LIBRARY OF CONGRESS CALL NUMBER | |
| Classification number | DS392.N65 |
| Item number | B37 2005 |
| 082 ## - DEWEY DECIMAL CLASSIFICATION NUMBER | |
| Classification number | 815.49122 |
| Author Mark | BAR |
| 100 1# - MAIN ENTRY--PERSONAL NAME | |
| Personal name | Barmānī, ʻAbbās, |
| Dates associated with a name | 1960- |
| 9 (RLIN) | 4653 |
| 245 10 - TITLE STATEMENT | |
| Title | Taalismaati wadian / |
| Statement of responsibility, etc. | ʻAbbās Barmānī. |
| 260 ## - PUBLICATION, DISTRIBUTION, ETC. | |
| Place of publication, distribution, etc. | Lāhore : |
| Name of publisher, distributor, etc. | Sang-i Mīl Pablīkeshanz, |
| Date of publication, distribution, etc. | 2008. |
| 300 ## - PHYSICAL DESCRIPTION | |
| Extent | 168 p. ; |
| Dimensions | 21 cm. |
| 520 ## - SUMMARY, ETC. | |
| Summary, etc. | Travelog of the Northern Areas of Pakistan. |
| 546 ## - LANGUAGE NOTE | |
| Language note | In Urdu. |
| 600 10 - SUBJECT ADDED ENTRY--PERSONAL NAME | |
| Personal name | Barmānī, ʻAbbās, |
| Dates associated with a name | 1960- |
| General subdivision | Travel |
| Geographic subdivision | Pakistan |
| -- | Northern Areas. |
| 9 (RLIN) | 4654 |
| 651 #0 - SUBJECT ADDED ENTRY--GEOGRAPHIC NAME | |
| General subdivision | Urdu Literature-Travelogue |
| 9 (RLIN) | 4655 |
| 880 ## - ALTERNATE GRAPHIC REPRESENTATION | |
| Linkage | 100-01\(3\r |
| Title | عباس برمانی |
| 880 ## - ALTERNATE GRAPHIC REPRESENTATION | |
| Linkage | 245-02\(3\r |
| Title | طلسماتی وادیاں: |
| b | کوہ سلیمان اور بلوچستان کی حیرت انگیز وادیوں میں |
| c | عباس برمانی |
| 880 ## - ALTERNATE GRAPHIC REPRESENTATION | |
| Linkage | 260-03\(3\r |
| Title | لاہور: |
| b | سنگ میل پبلی کیشنز، |
| c | 2008 |
| 906 ## - LOCAL DATA ELEMENT F, LDF (RLIN) | |
| a | 7 |
| b | cbc |
| c | origode |
| d | 3 |
| e | ncip |
| f | 20 |
| g | y-gencatlg |
| 942 ## - ADDED ENTRY ELEMENTS (KOHA) | |
| Source of classification or shelving scheme | |
| Koha item type | Book |
| Withdrawn status | Lost status | Source of classification or shelving scheme | Damaged status | Not for loan | Collection code | Permanent Location | Current Location | Shelving location | Date acquired | Total Checkouts | Full call number | Barcode | Date last seen | Date last checked out | Copy number | Price effective from | Koha item type |
|---|---|---|---|---|---|---|---|---|---|---|---|---|---|---|---|---|---|
| Central Library (CL) | Central Library (CL) | Fiction | 09/19/2017 | 1 | 815.49122 BAR | CL2746 | 04/21/2022 | 07/24/2019 | 1 | 09/19/2017 | Book |
